000 00330 a2200157 4500
001 68099
020 _a9783195017794
040 _cAnchieta - Pituba
100 _aBüttner, Siegfried
240 1 0 _aDabei! A1.2
_ldeu / ger
245 1 0 _aDabei! A1.2
300 _a88
362 0 _a2020
650 4 _aLíngua alemã
942 _cBK
999 _c68099
_d68099